000 01364cam a2200373 i 4500
999 _c1688
_d1688
001 1688
003 BD-JhCC
005 20190709134016.0
008 030901s2003 nyuf b 001 0beng
020 _a9780684807614
020 _a0684807610
020 _a9780743258074 (pbk.)
020 _a074325807X (pbk.)
035 _a(BD-JhCC)1688
040 _aDLC
_erda
_cDLC
_dDLC
_dUkOxU
041 _aeng
050 0 0 _aE302.6.F8
_bI83 2003
082 0 0 _a973.3/092
_aB
_221
_bISA 2003
100 1 _aIsaacson, Walter,
245 1 0 _aBenjamin Franklin :
_ban American life /
_cWalter Isaacson.
246 3 _aBenjamin Franklin and the invention of America :an American life.
300 _ax, 590 pages, [16 pages of plates] :
_billustrations ;
_c25 cm.
504 _aIncludes bibliographical references and index.
600 1 0 _aFranklin, Benjamin,
_d1706-1790.
650 0 _aStatesmen
_zUnited States
_vBiography.
650 0 _aScientists
_zUnited States
_vBiography.
650 0 _aInventors
_zUnited States
_vBiography.
650 0 _aPrinters
_zUnited States
_vBiography.
651 0 _aUnited States
_xPolitics and government
_y1775-1783.
651 0 _aUnited States
_xPolitics and government
_y1783-1789.
856 4 2 _3Publisher description
_uhttp://www.loc.gov/catdir/description/simon033/2003050463.html
942 _2ddc
_cBK
_02